Music Quiz

Random Music or Album Quiz

A*Teens Songs Quiz Stats

 Plays Quiz not verified by Sporcle

Challenge
Share
Tweet
Embed
Score 0/43 Timer 10:00
0 Plays Today
Album Songs % Correct
The ABBA GenerationDancing Queen
91.7%
The ABBA GenerationMamma Mia
88.9%
Teen SpiritUpside Down
77.8%
Pop Til You DropFloorfiller
61.1%
The ABBA GenerationGimme Gimme Gimme
58.3%
The ABBA GenerationTake a Chance on Me
58.3%
The ABBA GenerationSuper Trouper
55.6%
The ABBA GenerationS.O.S.
55.6%
Teen SpiritSugar Rush
55.6%
Pop Til You DropCan't Help Falling in Love
55.6%
The ABBA GenerationVoulez-Vous
52.8%
Teen SpiritHalfway Around the World
52.8%
Teen SpiritFirefly
52.8%
The ABBA GenerationOne of Us
47.2%
The ABBA GenerationOur Last Summer
47.2%
Pop Til You DropThis Year
47.2%
The ABBA GenerationLay All Your Love on Me
44.4%
Teen SpiritAll My Love
44.4%
Pop Til You DropSchool's Out
44.4%
The ABBA GenerationThe Name of the Game
41.7%
Teen SpiritRockin
41.7%
Teen SpiritThat'sWhat
41.7%
Album Songs % Correct
Teen SpiritBack for More
41.7%
Pop Til You DropCloser to Perfection
41.7%
Pop Til You DropSlam
41.7%
Pop Til You DropCross my Heart
41.7%
Teen SpiritFor All that I am
38.9%
Teen SpiritMorning Light
38.9%
Pop Til You DropLet Your Heart Do All the Talking
38.9%
Pop Til You DropSingled Out
38.9%
Teen SpiritAround the Corner of your Eye
36.1%
Pop Til You DropOh, Oh...Yeah
36.1%
Pop Til You DropHi and Goodbye
33.3%
Pop Til You DropIn the Blink of an Eye
33.3%
New ArrivalShangri-La
30.6%
Teen SpiritSlammin Kind of Love
27.8%
New ArrivalHave a Little Faith in Me
27.8%
New ArrivalShame Shame Shame
27.8%
New ArrivalPerfect Match
27.8%
New ArrivalOne Night in Bangkok
27.8%
New ArrivalHeartbreak Lullaby
25%
New ArrivalThe Letter
19.4%
Teen Spirit...Into the Music
16.7%

You're not logged in!

Compare scores with friends on all Sporcle quizzes.
Join for Free
OR
Log In

You Might Also Like...

Show Comments

Extras

Created Aug 23, 2010SourceReportNominate
Tags:Album Quiz, Song Quiz, teen

Top Quizzes Today


Score Distribution

Your Account Isn't Verified!

In order to create a playlist on Sporcle, you need to verify the email address you used during registration. Go to your Sporcle Settings to finish the process.

Report this User

Report this user for behavior that violates our Community Guidelines.

Details: